Missing Word: Songs with 'Music' Quiz Stats

 Plays Quiz Updated Jun 15, 2018

Challenge
Share
Tweet
Embed
Score 0/14 Timer 03:00
0 Plays Today
Song Missing Word % Correct
Rock and _____ Music
Chuck Berry
Roll
94.7%
Play That _____ Music
Wild Cherry
Funky
89.8%
Don't _____the Music
Rihanna
Stop
79.7%
I Can _____ Music
Beach Boys
Hear
70%
The Music's No Good _____ You
Cher
Without
55.4%
_____ To The Music
Doobie Brothers
Listen
49.4%
Music Sounds _____ with You
Stardust
Better
47.8%
Song Missing Word % Correct
This is _____ Music
Brad Paisley
Country
44.2%
Music is My _____
Helen Reddy
Life
39.7%
Give Life _____ to Music
Daft Punk
Back
35.5%
Me _____ the Music
Britney Spears (ft. Madonna)
Against
24.4%
_____ Soul Music
Arthur Conley
Sweet
21.9%
_____ the Night to Music
Jefferson Starship
Set
16.1%
A _____ Called Music
Willie Nelson
Horse
9.8%

Today's Daily Dose

Word Ladder
King of the...

Quick Pick
The Doors Songs

On This Day
August 17th II

You're not logged in!

Compare scores with friends on all Sporcle quizzes.
Join for Free
OR
Log In

You Might Also Like...

Show Comments

Extras

Top Quizzes Today


Score Distribution

Your Account Isn't Verified!

In order to create a playlist on Sporcle, you need to verify the email address you used during registration. Go to your Sporcle Settings to finish the process.

Report this User

Report this user for behavior that violates our Community Guidelines.

Details: